000
00277nam a2200097Ia 4500
001
698662
005
20250826162055.0
008
250824s9999 xx 000 0 und d
245
0
_a
KARAGÖZ İLE HACİVAT (ANTİK OKUL KLASİKLERİ)
_c
ANONİM
260
_b
ANTİK DÜNYA KLASİKLERİ
999
_c
698662
_d
698662